000 00429nam a2200181Ia 4500
001 10527
005 20260306161838.0
008 260306t2002||||xx |||||||||||||| ||spa||
041 _aESP
082 _a940.1
_bR31
100 _aRead, Piers Paul
_eAUT
245 0 _aLos templarios:
_bmonjes y guerreros
260 _c2002
300 _a399 páginas :
_c24 cm.
650 _aGEN
654 _aCHU
942 _cLIB
_dJUS
_fJUS
_2ddc
_n
999 _c10527
_d10527